|
|
|
|
| LEADER |
01385nam a2200361 a 4500 |
| 001 |
39593 |
| 003 |
BD-DhAAL |
| 008 |
220927t1998 nyub b 001 0 eng d |
| 999 |
|
|
|c 44920
|d 44920
|
| 010 |
|
|
|a 97027508
|
| 020 |
|
|
|a 0393040178
|
| 040 |
|
|
|a DLC
|c DLC
|d DLC
|d BD-DhAAL
|
| 043 |
|
|
|a e------
|
| 050 |
0 |
0 |
|a HC240.Z9
|b W45 1998
|
| 082 |
0 |
0 |
|a 330.16
|2 21
|
| 100 |
1 |
|
|a Landes, David S.
|9 51639
|
| 245 |
1 |
4 |
|a The wealth and poverty of nations :
|b why some are so rich and some so poor /
|c David S. Landes.
|
| 250 |
|
|
|a First edition
|
| 260 |
|
|
|a New York :
|b W.W. Norton,
|c c1998.
|
| 300 |
|
|
|a xxi, 650 pages :
|b maps ;
|c 25 cm.
|
| 504 |
|
|
|a Includes bibliographical references (pages [567]-635) and index.
|
| 541 |
|
|
|a Donated By Akbar Ali Khan
|e 39593
|
| 650 |
|
0 |
|a Wealth
|z Europe
|x History.
|9 51640
|
| 650 |
|
0 |
|a Wealth
|x History.
|9 51641
|
| 650 |
|
0 |
|a Poverty
|z Europe
|x History.
|9 51642
|
| 650 |
|
0 |
|a Poverty
|x History.
|9 51643
|
| 650 |
|
0 |
|a Regional economic disparities
|x History.
|9 51644
|
| 650 |
|
0 |
|a Economic history.
|9 51645
|
| 650 |
|
0 |
|a Economic development
|x Social aspects.
|9 51646
|
| 650 |
|
0 |
|a Economics.
|9 51647
|
| 852 |
|
|
|a Ayesha Abed Library
|c General Stacks
|
| 942 |
|
|
|2 ddc
|c BK
|
| 952 |
|
|
|0 0
|1 0
|2 ddc
|4 0
|6 330_160000000000000_LAN
|7 1
|9 71891
|a BRACUL
|b BRACUL
|c CS1
|d 2022-09-27
|e Donated by Akbar Ali Khan
|f Donated by
|l 0
|o 330.16 LAN
|p 3010039593
|r 2022-09-27
|t 1
|w 2022-09-27
|y BK
|